| 000 -LEADER |
| fixed length control field |
01641 a2200253 4500 |
| 003 - CONTROL NUMBER IDENTIFIER |
| control field |
NUST |
| 005 - DATE AND TIME OF LATEST TRANSACTION |
| control field |
20171120143832.0 |
| 008 - FIXED-LENGTH DATA ELEMENTS--GENERAL INFORMATION |
| fixed length control field |
171120b xxu||||| |||| 00| 0 eng d |
| 010 ## - LIBRARY OF CONGRESS CONTROL NUMBER |
| LC control number |
91053197 |
| 020 ## - INTERNATIONAL STANDARD BOOK NUMBER |
| International Standard Book Number |
0679405879 : |
| 040 ## - CATALOGING SOURCE |
| Transcribing agency |
0 |
| 082 00 - DEWEY DECIMAL CLASSIFICATION NUMBER |
| Classification number |
823.8 TRO |
| 100 1# - MAIN ENTRY--PERSONAL NAME |
| Personal name |
Trollope, Anthony, |
| 9 (RLIN) |
982 |
| 245 10 - TITLE STATEMENT |
| Title |
Barchester Towers / |
| Statement of responsibility, etc. |
Anthony Trollope. |
| 260 ## - PUBLICATION, DISTRIBUTION, ETC. |
| Place of publication, distribution, etc. |
Islamabad: |
| Name of publisher, distributor, etc. |
NBF : |
| Date of publication, distribution, etc. |
1992. |
| 300 ## - PHYSICAL DESCRIPTION |
| Extent |
477p. ; |
| Dimensions |
21 cm. |
| 490 0# - SERIES STATEMENT |
| Series statement |
Everyman's library ; |
| Volume/sequential designation |
57 |
| 500 ## - GENERAL NOTE |
| General note |
H.B |
| 505 ## - FORMATTED CONTENTS NOTE |
| Formatted contents note |
How Will Be The New Bishop? (Page-7),Hirams Hospital According (Page-15), Dr And Mrs Proudie(Page-21), The Bishops Chaplain (Page-27), The Morning Visit (Page-33),War (Page-41),The Dean And Chapter Take Counsel (Page-52), The Ex-Warden Rejoices In His Probable(Page-57), The Stanhope Family(Page-64),Mr. Slope Manages Matters Very Cleverly (Page-204),Fourteen Arguments In Favors (Page-214), Mrs. Proudie Wrestles And Gets A Fall(Page-222),A Live Scene (Page-231),Mrs. Bold In Entertained (Page-245), A Serious Interview (Page-258),Another Love Scene (Page-266), Mrs. Bold At Home(Page-404),The Stanhope At Home (Page-412), Mr. Slope Parting Interview(Page-422),The Dean Elect (Page-430), Mr. Slope Bids Farewell On The Palace (Page-460), The New Dean Takes Passions(Page-466),Conclusion (Page-474). |
| 538 ## - SYSTEM DETAILS NOTE |
| System details note |
Almirah No.58 Shelf No.6 |
| 650 #0 - SUBJECT ADDED ENTRY--TOPICAL TERM |
| Topical term or geographic name entry element |
Barsetshire (England : Imaginary place) |
| General subdivision |
Fiction. |
| 9 (RLIN) |
983 |
| 650 #0 - SUBJECT ADDED ENTRY--TOPICAL TERM |
| Topical term or geographic name entry element |
Clergy |
| General subdivision |
Fiction. |
| 9 (RLIN) |
6573 |
| 655 #7 - INDEX TERM--GENRE/FORM |
| Genre/form data or focus term |
Domestic fiction. |
| 9 (RLIN) |
4525 |
| 856 42 - ELECTRONIC LOCATION AND ACCESS |
| Materials specified |
Contributor biographical information |
| Uniform Resource Identifier |
<a href="http://www.loc.gov/catdir/bios/random056/91053197.html">http://www.loc.gov/catdir/bios/random056/91053197.html</a> |
| 856 42 - ELECTRONIC LOCATION AND ACCESS |
| Materials specified |
Publisher description |
| Uniform Resource Identifier |
<a href="http://www.loc.gov/catdir/description/random0410/91053197.html">http://www.loc.gov/catdir/description/random0410/91053197.html</a> |
| 942 ## - ADDED ENTRY ELEMENTS (KOHA) |
| Source of classification or shelving scheme |
|
| Koha item type |
Book |
| Call number prefix |
IESE |